Zgadnij celebrytę po zdjęciu #3 - Statystyki

Ogólne statystyki
  • Ten quiz został rozwiązany 55 razy
  • Średni wynik to 6 z 16
Statystyki odpowiedzi
Obrazkowy Odpowiedź % Poprawnych
Jack Black
72%
Meryl Streep
65%
Sandra Bullock
57%
Jessica Alba
54%
Robert Pattinson
52%
Helena Bonham Carter
48%
Penelope Cruz
43%
Jason Statham
41%
Winona Ryder
37%
Lucy Liu
28%
Cate Blanchett
26%
Jennifer Garner
26%
Monica Belucci
17%
Catherine Zeta-Jones
15%
Gillian Anderson
13%
Miranda Kerr
11%
Nie znaleziono quizów pasujących do podanych kryteriów
Rozkład punktacji
Procent ludzi z każdym wynikiem
Percentyl według liczby udzielonych odpowiedzi
Twoja historia wyników
Nie rozwiązałeś tego quizu